| 000 | 02474nam a2200421Ia 4500 | ||
|---|---|---|---|
| 001 | dia_7398 | ||
| 003 | CHAP | ||
| 005 | 20250819095036.0 | ||
| 007 | ta | ||
| 008 | 220117s2018 mx abo f 001 0 spa d | ||
| 040 |
_cCHAP _amxchpua |
||
| 090 |
_aT.C.782 _bO45 SAI _c2018 |
||
| 245 | 1 | 0 |
_aHortalizas de exportación : _bjitomate (Lycopersicom esculentum Mill.), pepino (Cucumis sativus) y pimiento (Capsicum annuum) en la región noroeste de México / _ccoordinador Romel Olivares Gutiérrez ; colaboradores Jesús Adán Aquino Luis...[y otros] |
| 260 |
_aMéxico : _bEl autor, _c2018 |
||
| 300 |
_a169 páginas: _bilustraciones, tablas, diagramas, mapas, fotos |
||
| 336 |
_2rdacontent _atexto _btxt |
||
| 337 |
_2rdamedia _ano mediado _bn |
||
| 338 |
_2rdacarrier _avolumen _bnc |
||
| 500 | _aGrado: 6°año Grupo: 05 | ||
| 502 |
_aViaje de Estudios _b(SAI) -- _cUACh. Departamento de Ingeniería Agroindustrial, _d2018 |
||
| 504 | _aBibliografía: página154-155 | ||
| 505 | 0 | 0 |
_aEmpresas visitadas: _t1. Agrícola Belher -- 2. Wholesum Harvest -- 3. Eleven Rivers Growers -- 4. Confederación de Asociaciones Agrícolas del estado de Sinaloa (CAADES) -- 5. Secretaría de Agricultura y Ganadería -- 6. Grupo Empresarial ALFER -- 7. Rex Irrigación Noroeste -- 8. Asociación de Agricultores del Río Fuerte Sur -- 9. Union de Coorporativas Agropecuarias Bioespacio de Etchohuaquila, S. C. de R. L. de C. V. -- 10. Agrícola Feval, S. A. de C. V. -- 11. Hortícola Luipack, S. P. R. de R. L. -- 13. Asociación de productores de hortalizas del Yaqui y Mayo (APHYM) -- 14. Fertilizantes Tepeyac -- 15. Rex Irrigación Sonora -- 16. Agro-empresa productos Sn. Rafael |
| 650 | 1 | 3 |
_aTomate _xIndustria y comercio _9163302 _zMéxico |
| 650 | 1 | 3 |
_aPepinos _xIndustria y comercio _9163301 _zMéxico |
| 650 | 1 | 3 |
_aTomatoes _xIndustry and trade _9163303 _zMexico |
| 650 | 1 | 0 |
_aCapsicum annuum _xIndustria y comercio _zMéxico _9163298 |
| 650 | 1 | 0 |
_aCapsicum annuum _xIndustry and trade _zMexico _9163299 |
| 650 | 1 | 3 |
_aCucumbers _xIndustry and trade _9163300 _zMexico |
| 700 | 1 |
_aOlivares Gutiérrez, Romel _983045 _ecoordinador |
|
| 700 | 1 |
_aAquino Luis, Jesús Adán _9150791 _ecolaborador |
|
| 856 | 4 | 1 |
_uhttp://10.13.5.2/ve/TC782SAI/TC782SAI2018-REPORTE.pdf _yDESCARGAR REPORTE |
| 901 | _aT.C.782 O45 SAI 2018 | ||
| 902 | _aM | ||
| 905 | _a5232272018 MX NDL 8223223322SPA16 | ||
| 942 | _2local | ||
| 942 | _cVE | ||
| 999 |
_c179053 _d179053 |
||